| 000 | 00735nam a22002417a 4500 | ||
|---|---|---|---|
| 005 | 20170124105953.0 | ||
| 010 | _aB-064946 | ||
| 020 |
_c00.00 _a8190019708 |
||
| 035 | _aB-064946 | ||
| 037 | _bCen Lib/Ret | ||
| 040 |
_aDPL _bEN |
||
| 082 |
_a332.46 _bNAY |
||
| 100 |
_aNayak, Satendra S _913948 |
||
| 245 |
_aGlobal monetary experience and India / _cby Satyendra S Nayak |
||
| 246 | _b | ||
| 260 |
_bM/S Kedien _aBombay _c1991 |
||
| 270 |
_a217 Anant Building, Shamaldas Gandhi Marg _bBombay _e400002 |
||
| 300 |
_axii,184p. : _c21cm(Hb) _bill. |
||
| 500 | _aIncludes index | ||
| 650 |
_aInternational finance. _973936 |
||
| 650 |
_aBalance of payments -- India. _913950 |
||
| 942 |
_2ddc _cEN _h332.46 _mNAY |
||
| 999 |
_c125383 _d125383 |
||